[Event "COL-chT"]
[Site "Ibague"]
[Date "2017.07.21"]
[Round "5.2"]
[White "Mercado Tapias, Juan Diego"]
[Black "Sanchez, Carlos Fernando"]
[Result "0-1"]
[WhiteElo "1590"]
[BlackElo "1827"]
[PlyCount "126"]
[EventDate "2017.07.19"]
[EventType "team-swiss"]
[EventRounds "6"]
[EventCountry "COL"]
[SourceTitle "CBM 179 Extra"]
[Source "ChessBase"]
[SourceDate "2017.08.23"]
[SourceVersion "1"]
[SourceVersionDate "2017.08.23"]
[SourceQuality "1"]
[WhiteTeam "Cordoba"]
[BlackTeam "Tolima II"]
[WhiteTeamCountry "COL"]
[BlackTeamCountry "COL"]

1. e4 c5 2. Nf3 e6 3. d4 cxd4 4. Nxd4 a6 5. Nc3 Qc7 6. f4 Bb4 7. Qd3 Nf6 8. Be2 d6 9. 0-0 Bc5 10. Kh1 b5 11. a3 Bb7 12. b4 Bb6 13. f5 e5 14. Nf3 0-0 15. Bg5 Ng4 16. Bh4 Ne3 17. Rfc1 Nd7 18. Be7 Rfc8 19. Na2 d5 20. Nd2 f6 21. Bf3 d4 22. Qb3+ Nc4 23. Bh5 Nf8 24. Bxf8 Kxf8 25. Nxc4 bxc4 26. Qf3 Rd8 27. Rd1 Qc6 28. Qe2 Rac8 29. Bf3 Rd7 30. Nc1 Rcd8 31. a4 a5 32. b5 Qc5 33. Qd2 Rc7 34. h4 Bc8 35. h5 h6 36. g4 Bd7 37. Ne2 Be8 38. Ng3 d3 39. cxd3 Rxd3 40. Qg2 Rcd7 41. Rac1 Bf7 42. Rxd3 Rxd3 43. Qe2 Qe3 44. Qxe3 Rxe3 45. Kg2 Ra3 46. Bd1 Bd4 47. Ne2 Ra2 48. Rc2 Ra1 49. Rc1 Rxc1 50. Nxc1 Ke7 51. Kf3 Kd6 52. Ke2 Kc5 53. Bc2 Bb2 54. Kd1 Bd4 55. Ne2 c3 56. Nxd4 exd4 57. Ke2 Bc4+ 58. Kd1 d3 59. e5 fxe5 60. g5 dxc2+ 61. Kxc2 hxg5 62. f6 gxf6 63. h6 Bg8 0-1

[Event "COL-ch"]
[Site "Palmira"]
[Date "2017.05.18"]
[Round "5"]
[White "Cadavid, Juan Miguel"]
[Black "Sanchez, Carlos Fernando"]
[Result "1-0"]
[WhiteElo "1881"]
[BlackElo "1903"]
[PlyCount "41"]
[EventDate "2017.05.15"]
[EventType "swiss"]
[EventRounds "10"]
[EventCountry "COL"]
[SourceTitle "CBM 178 Extra"]
[Source "ChessBase"]
[SourceDate "2017.06.22"]
[SourceVersion "1"]
[SourceVersionDate "2017.06.22"]
[SourceQuality "1"]

1. e4 c5 2. c3 Nf6 3. e5 Nd5 4. d4 cxd4 5. Nf3 d6 6. cxd4 e6 7. Bd3 Nc6 8. 0-0 dxe5 9. Nxe5 Nxe5 10. dxe5 Bd7 11. Nc3 Nxc3 12. bxc3 Qc7 13. Qe2 Qxc3 14. Bd2 Qc7 15. Rab1 Bc6 16. Rfc1 Rc8 17. f4 Ba3 18. Rc3 Qe7 19. Qe3 b6 20. Ba6 Rc7 21. Rxa3 1-0

[Event "COL-ch"]
[Site "Palmira"]
[Date "2017.05.17"]
[Round "4"]
[White "Sanchez, Carlos Fernando"]
[Black "Medina Coneo, Arlintong"]
[Result "0-1"]
[WhiteElo "1903"]
[BlackElo "1718"]
[PlyCount "50"]
[EventDate "2017.05.15"]
[EventType "swiss"]
[EventRounds "10"]
[EventCountry "COL"]
[SourceTitle "CBM 178 Extra"]
[Source "ChessBase"]
[SourceDate "2017.06.22"]
[SourceVersion "1"]
[SourceVersionDate "2017.06.22"]
[SourceQuality "1"]

1. d4 Nf6 2. Bf4 g6 3. Nf3 d5 4. e3 Bg7 5. h3 0-0 6. Be2 Nbd7 7. Nbd2 Nh5 8. Bh2 c5 9. c3 b6 10. Ne5 Nhf6 11. 0-0 Bb7 12. a4 Rc8 13. a5 Nxe5 14. Bxe5 Ne4 15. Bh2 cxd4 16. exd4 Bh6 17. Nxe4 dxe4 18. Qb3 Bg7 19. axb6 axb6 20. Ra7 Bd5 21. Qb4 Bf6 22. Ra6 Ra8 23. Rxb6 Be6 24. Bc4 Bxc4 25. Qxc4 Qxb6 0-1

[Event "FICGS rapid M 000071 email"]
[Site "FICGS email"]
[Date "2014.04.18"]
[Round "1"]
[White "Sanchez, Carlos Fernando"]
[Black "Wilson, Norman"]
[Result "0-1"]
[WhiteElo "2168"]
[BlackElo "2121"]
[PlyCount "40"]
[EventDate "2014.??.??"]
[EventType "tourn (rapid)"]
[EventRounds "6"]
[SourceTitle "Corr 2022"]
[Source "ChessBase"]
[SourceDate "2021.10.24"]
[SourceVersion "1"]
[SourceVersionDate "2021.10.24"]
[SourceQuality "1"]

1. e4 c5 2. Nf3 d6 3. d4 cxd4 4. Nxd4 e5 5. Bb5+ Nd7 6. Nf5 a6 7. Ba4 b5 8. Bb3 Nc5 9. Bd5 Bxf5 10. exf5 Rc8 11. b4 Nd7 12. a4 Ngf6 13. axb5 axb5 14. 0-0 Be7 15. Na3 Qb6 16. Be3 Qb8 17. g4 h6 18. h4 Rg8 19. h5 e4 20. Bf4 Ne5 0-1

[Event "ZI-2014-0-01772"]
[Site "LSS email"]
[Date "2014.03.16"]
[Round "?"]
[White "Alvarez, Carlos F"]
[Black "Sanchez, Carlos Fernando"]
[Result "0-1"]
[WhiteElo "1400"]
[BlackElo "2290"]
[PlyCount "28"]
[EventDate "2014.03.05"]
[EventType "match (corr)"]
[EventRounds "2"]
[EventCountry "GER"]
[SourceTitle "Corr 2022"]
[Source "ChessBase"]
[SourceDate "2021.10.24"]
[SourceVersion "1"]
[SourceVersionDate "2021.10.24"]
[SourceQuality "1"]

1. e4 c5 2. Nf3 d6 3. d4 cxd4 4. Nxd4 Nf6 5. Nc3 a6 6. Be3 e5 7. Nb3 Be6 8. h3 Be7 9. f4 Nc6 10. f5 Bxb3 11. axb3 Nb4 12. Bc4 b5 13. Bd5 Rb8 14. g4 0-0 0-1

[Event "Tolima Region-ch"]
[Site "Tolima"]
[Date "2012.03.02"]
[Round "1"]
[White "Palacio Padilla, Pablo Persi"]
[Black "Sanchez, Carlos Fernando"]
[Result "1-0"]
[WhiteElo "1889"]
[BlackElo "1616"]
[PlyCount "67"]
[EventDate "2012.03.02"]
[EventType "swiss"]
[EventRounds "6"]
[EventCountry "COL"]
[SourceTitle "CBM 147 Extra"]
[Source "ChessBase"]
[SourceDate "2012.04.24"]
[SourceVersion "1"]
[SourceVersionDate "2012.04.24"]
[SourceQuality "1"]

1. Nf3 d5 2. d4 Nf6 3. c4 Bf5 4. Nc3 e6 5. a3 Be7 6. Ne5 Ne4 7. Nxe4 Bxe4 8. f3 Bf5 9. e3 f6 10. Nd3 Bd6 11. c5 Be7 12. Nf4 e5 13. dxe5 c6 14. exf6 Bxf6 15. Bd3 Bxd3 16. Qxd3 Qe7 17. Qc2 0-0 18. 0-0 a5 19. Bd2 Nd7 20. Rac1 Ne5 21. b3 a4 22. b4 Nc4 23. Qd3 Bb2 24. Rc2 Bxa3 25. Rxc4 dxc4 26. Qxa3 Rad8 27. Qc3 Kh8 28. Bc1 Qf7 29. Bb2 Rd7 30. g4 Qf6 31. Qxf6 gxf6 32. Nh5 Rd2 33. Bxf6+ Rxf6 34. Nxf6 1-0

[Event "FICGS W-ch st1 gN 01 email"]
[Site "FICGS email"]
[Date "2012.01.01"]
[Round "1"]
[White "Eldridge, Mark"]
[Black "Sanchez, Carlos Fernando"]
[Result "1/2-1/2"]
[WhiteElo "2209"]
[BlackElo "2168"]
[PlyCount "82"]
[EventDate "2012.??.??"]
[EventType "tourn (corr)"]
[EventRounds "6"]
[SourceTitle "Corr 2022"]
[Source "ChessBase"]
[SourceDate "2021.10.24"]
[SourceVersion "1"]
[SourceVersionDate "2021.10.24"]
[SourceQuality "1"]

1. c4 g6 2. d4 Nf6 3. Nc3 Bg7 4. e4 d6 5. Nf3 0-0 6. Be2 e5 7. dxe5 dxe5 8. Qxd8 Rxd8 9. Bg5 Re8 10. 0-0-0 Na6 11. Ne1 Nc5 12. f3 Ne6 13. Be3 b6 14. Nd3 Bb7 15. Rd2 Nd7 16. Bd1 c6 17. Ba4 Ndf8 18. Kb1 Rac8 19. h4 Ba6 20. Nb4 Bb7 21. h5 Nd4 22. h6 Bf6 23. f4 Red8 24. Rhd1 Nfe6 25. fxe5 Bxe5 26. Nd3 Bf6 27. c5 Kf8 28. Bc2 Ba6 29. cxb6 Bxd3 30. Bxd3 axb6 31. Bf1 b5 32. Ne2 Nxe2 33. Bxe2 Rxd2 34. Rxd2 Ke7 35. Rc2 Bd4 36. Bd2 Kd7 37. Bg4 Ra8 38. Bxe6+ fxe6 39. Bb4 Kc7 40. Rc1 Kb6 41. Rd1 c5 1/2-1/2

[Event "FICGS W-ch st1 gN 01 email"]
[Site "FICGS email"]
[Date "2012.01.01"]
[Round "1"]
[White "Razumikhin, Andrey"]
[Black "Sanchez, Carlos Fernando"]
[Result "1/2-1/2"]
[WhiteElo "2250"]
[BlackElo "2168"]
[PlyCount "59"]
[EventDate "2012.??.??"]
[EventType "tourn (corr)"]
[EventRounds "6"]
[SourceTitle "Corr 2022"]
[Source "ChessBase"]
[SourceDate "2021.10.24"]
[SourceVersion "1"]
[SourceVersionDate "2021.10.24"]
[SourceQuality "1"]

1. e4 e5 2. Nf3 Nc6 3. Bb5 a6 4. Ba4 Nf6 5. 0-0 Be7 6. Re1 b5 7. Bb3 0-0 8. h3 Bb7 9. c3 d5 10. exd5 Nxd5 11. d4 exd4 12. cxd4 Re8 13. Nc3 Na5 14. Bxd5 Bxd5 15. Bf4 Bb7 16. Qd3 Nc4 17. Re2 Bf8 18. Rxe8 Qxe8 19. Re1 Qc6 20. b3 Nb6 21. Rc1 Rc8 22. Na4 Qf6 23. Bg5 Qd6 24. Nc5 Bxf3 25. Qxf3 Qxd4 26. Nxa6 Qd5 27. Qe3 c5 28. Be7 Bxe7 29. Qxe7 c4 30. Nb4 1/2-1/2

[Event "BI-2011-P-00009"]
[Site "LSS email"]
[Date "2011.04.17"]
[Round "?"]
[White "Sanchez, Carlos Fernando"]
[Black "Tausnev, Bladimir"]
[Result "1-0"]
[WhiteElo "1400"]
[BlackElo "1947"]
[PlyCount "141"]
[EventDate "2011.04.20"]
[EventType "tourn (corr)"]
[EventRounds "10"]
[EventCountry "GER"]
[SourceTitle "Corr 2022"]
[Source "ChessBase"]
[SourceDate "2021.10.24"]
[SourceVersion "1"]
[SourceVersionDate "2021.10.24"]
[SourceQuality "1"]

1. e4 c5 2. Nf3 Nc6 3. d4 cxd4 4. Nxd4 Nf6 5. Nc3 e5 6. Ndb5 d6 7. Bg5 a6 8. Na3 b5 9. Nd5 Be7 10. Bxf6 Bxf6 11. c3 0-0 12. Nc2 Bg5 13. a4 bxa4 14. Rxa4 a5 15. Bc4 Rb8 16. b3 Kh8 17. Nce3 g6 18. 0-0 f5 19. Qd3 Be6 20. Rd1 Qd7 21. f3 fxe4 22. Qxe4 Qa7 23. Kh1 Bd7 24. Ra2 Ne7 25. Nxe7 Bxe7 26. Nd5 Bd8 27. b4 Rc8 28. Qd3 Bf5 29. Qe2 Be6 30. bxa5 Bxd5 31. Rxd5 Rf4 32. Bd3 Rxc3 33. Be4 Rf7 34. a6 Rc1+ 35. Rd1 Rxd1+ 36. Qxd1 Qc5 37. g3 Bb6 38. Rc2 Qe3 39. Kg2 Kg7 40. Bd5 Rd7 41. Rc8 Rd8 42. Rc6 Rd7 43. h4 Kf6 44. Kh3 Qg1 45. Qxg1 Bxg1 46. g4 h6 47. Rc8 Ra7 48. Bc4 Be3 49. Rf8+ Kg7 50. Rd8 Rc7 51. Bd5 Bc5 52. Rg8+ Kh7 53. Re8 Ra7 54. Bb7 Kg7 55. Re6 h5 56. gxh5 gxh5 57. Kg3 Kf7 58. Rh6 Kg7 59. Rxh5 Be3 60. Rf5 Bh6 61. h5 Be3 62. Kg2 Kh6 63. Kf1 Bg5 64. Rf7 Bc1 65. Rf6+ Kxh5 66. Rxd6 Kg5 67. Ke2 Bb2 68. Kd3 Ba1 69. Ke4 Bb2 70. Re6 Bc3 71. Rxe5+ 1-0